|
|
|
|
| LEADER |
00000nam a2200000 a 4500 |
| 003 |
Ucuenca |
| 005 |
20230308190936.0 |
| 008 |
016051|1945 ag |||||r|||||||||||spa|| |
| 040 |
|
|
|b spa
|
| 041 |
1 |
|
|a es
|
| 082 |
0 |
|
|a 111.85
|
| 100 |
1 |
|
|a Piazzi, G.
|9 125580
|
| 245 |
|
3 |
|a El arte en la muchedumbre
|c G. Piazzi. Traducción Miguel Domenge y Mir
|h imp
|
| 264 |
|
|
|a Buenos Aires
|b Ediciones Morena
|c 1945
|
| 300 |
|
|
|a 293 páginas:
|c 24 cm
|
| 505 |
1 |
|
|a El sentido estético -- La obra de arte -- El arte y la muchedumbre
|
| 650 |
|
0 |
|a Ontología
|9 4863
|
| 650 |
|
0 |
|a Estética
|9 4708
|
| 650 |
|
7 |
|a Arte
|9 1435
|
| 852 |
|
|
|a UC-CDJBV
|f Donación
|l 1
|m General
|p 20160516
|q 1.00
|r 2
|t si12731
|b 0
|d CDRC
|e CDRC
|g 111.85 ESTANTERIA CERRADA
|z 2016-60-51
|
| 856 |
|
|
|a http://sibuc.ucuenca.edu.ec/portada/si12731-cdj.jpg
|
| 942 |
|
|
|c BK
|2 ddc
|r erika.penafielv@ucuenca.edu.ec
|
| 999 |
|
|
|c 74458
|d 74458
|